| 000 | 01007nas a2200325 4500 | ||
|---|---|---|---|
| 001 | BR0502095 | ||
| 003 | BR-BrBNA | ||
| 005 | 20231205105253.0 | ||
| 007 | ta | ||
| 008 | 230509b bl.|||p| |||| 00| 00por d | ||
| 040 |
_aBR-BrBNA _bpor _cBiblioteca Nacional de Agricultura |
||
| 041 | _a(Pt) | ||
| 072 | _aF03 | ||
| 100 | 1 | _aGoneli, A.L.D. | |
| 100 | 1 | _aCorrêa, P.C. | |
| 100 | 1 | _aDias, D.C.F. dos S. | |
| 100 | 1 | _aMiranda, G.V. | |
| 100 | 1 | _aHenriques, D.R. | |
| 245 | 1 | _aTeste de condutividade elétrica para avaliação da danificação mecânica e do vigor em sementes de milho-pipoca | |
| 650 | _aMILHO PIPOCA | ||
| 650 | _aSEMENTE | ||
| 650 | _aGERMINAÇÃO | ||
| 650 | _aTEOR DE UMIDADE | ||
| 650 | _aCONDUTIVIDADE ELÉTRICA | ||
| 650 | _aDANO MECÂNICO | ||
| 650 | _aMINAS GERAIS | ||
| 773 | 0 |
_tRevista Brasileira de Armazenamento (Brazil) _xISSN 0100-3518 _g(Jul-Dec 2004), v. 29(2) p. 130-136 _wBR0502095 |
|
| 909 |
_a202311 _bLúcia _c55 _dLúcia Elande |
||
| 942 |
_2AGRIS _n0 _cANA |
||
| 999 |
_c182108 _d182108 |
||